000 01029cam a2200325 i 4500
001 1216232
003 ARRUPE
005 20140603020005.0
008 750528s1975 nyu b 001 0 eng
010 _a 75002809
020 _a0029036518 :
_c$12.95
035 _a(OCoLC)ocm01500028
035 _a(NNC)1216232
040 _aDLC
_cDLC
_dOCL
_dm.c.
_dCHS
_dZCU
050 0 _aHM131
_b.A63
100 _aBlau, Peter Michael
_92428
245 0 0 _aApproaches to the study of social structure /
_cedited by Peter M. Blau.
260 _aNew York :
_bFree Press,
_c[1975]
300 _aix, 294 p. ;
_c24 cm.
500 _a"A Publication of the American Sociological Association."
500 _aIncludes indexes.
504 _aBibliography: p. 254-283.
650 0 _aSocial structure.
_92429
650 0 _aSociology
_xMethodology.
_92430
650 2 _aSociology
_vEssays.
_92431
700 1 _aBlau, Peter Michael.
_92432
710 2 _aAmerican Sociological Association.
_92433
942 _2lcc
_cMONOGRAPH
_01
999 _c118323
_d118323